00328nam a2200121 a 4500008004100000050001700041100001600058245003500074260005600109350000900165650002100174650001100195120416s1993 ||||||||||||||||| || u aQK 711.2 Tes aTesha, A. J10aDevelopmental plant physiology aDar es SalaambDar es Salaam University Pressc1993 a0.00 aPLANT PHYSIOLOGY aPLANTS